Statistiken für Fußball-Regionalliga Nordost Top 5

Klicken Sie hier um das Quiz zu spielen!

Allgemein

  • Dieses Quiz wurde 141 mal gespielt
    (24 seit der letzten Aktualisierung)
  • Das Durchschnittsergebnis liegt bei 13 aus 20

Antwortstatistiken

Vereine% Korrekt
Energie Cottbus
96%
FC Carl Zeiss Jena
96%
BFC Dynamo
91%
Chemnitzer FC
87%
FC Viktoria 1889 Berlin
87%
FSV Zwickau
87%
Greifswalder FC
87%
1. FC Magdeburg
83%
FC Rot-Weiß Erfurt
83%
SV Babelsberg 03
78%
Hertha BSC II
74%
RB Leipzig
70%
RB Leipzig II
70%
Berliner AK 07
48%
TSG Neustrelitz
48%
1. FC Lokomotive Leipzig
43%
1. FC Union Berlin II
39%
VSG Altglienicke
35%
FSV Wacker 90 Nordhausen
22%
FC Oberlausitz Neugersdorf
0%

Verteilung der Resultate

Perzentil nach korrekt beantworteten Fragen

Anzahl Personen mit jedem Resultat

Ihre Resultats-Entwicklung

Sie haben dieses Quiz seit der letzten Aktualisierung nicht gespielt